[Event "HUN-chT2 Maroczy 1819"]
[Site "Hungary"]
[Date "2019.03.10"]
[Round "9.6"]
[White "Lyell, Mark"]
[Black "Emodi, Gyula"]
[Result "0-1"]
[WhiteElo "2282"]
[BlackElo "2213"]
[PlyCount "130"]
[EventDate "2018.09.23"]
[EventType "team-tourn"]
[EventRounds "11"]
[EventCountry "HUN"]
[SourceTitle "EXT 2020"]
[Source "ChessBase"]
[SourceDate "2019.10.17"]
[SourceVersion "1"]
[SourceVersionDate "2019.10.17"]
[SourceQuality "1"]
[WhiteTeam "Budapest MTK"]
[BlackTeam "Penzugyor II"]
[WhiteTeamCountry "HUN"]
[BlackTeamCountry "HUN"]

1. e4 e5 2. Nf3 Nc6 3. Bc4 Nf6 4. Ng5 d5 5. exd5 Na5 6. Bb5+ c6 7. dxc6 bxc6 8. Bd3 h6 9. Ne4 Nd5 10. 0-0 Nf4 11. Be2 Be7 12. d3 0-0 13. Bxf4 exf4 14. d4 Rb8 15. b3 Bf5 16. Nc5 Nb7 17. Nxb7 Rxb7 18. Bf3 Qb6 19. c3 Rd7 20. Nd2 Bf6 21. Be4 Bxe4 22. Nxe4 Be7 23. b4 Qb5 24. Qf3 g5 25. Rfe1 a5 26. Qh3 Ra7 27. Qxh6 Qf5 28. Qxc6 axb4 29. c4 Rfa8 30. c5 b3 31. a4 Rb8 32. d5 b2 33. Rab1 Kg7 34. d6 Bd8 35. Re2 Rab7 36. f3 Bf6 37. Kf1 Rb3 38. d7 Be7 39. Rd2 g4 40. Rd5 Qh7 41. d8Q Rxd8 42. Rxd8 Qxh2 43. Nf2 gxf3 44. gxf3 Bh4 45. Rg8+ Kxg8 46. Qc8+ Kg7 47. Qg4+ Kf8 48. Qg2 Qxg2+ 49. Kxg2 Bf6 50. Ne4 Bd4 51. c6 Ke7 52. Nd2 Re3 53. Nc4 Rc3 54. Re1+ Kd8 55. Nxb2 Rc2+ 56. Kh3 Bxb2 57. Kg4 Bc1 58. Rd1+ Kc7 59. Rd7+ Kxc6 60. Rxf7 Rc5 61. Rf8 Kb7 62. Rf7+ Kb6 63. Rf6+ Ka5 64. Rxf4 Bxf4 65. Kxf4 Kxa4 0-1

[Event "HUN-chT2 Toth 1718"]
[Site "Hungary"]
[Date "2018.03.25"]
[Round "10.1"]
[White "Emodi, Gyula"]
[Black "Gyori, Szabolcs"]
[Result "1-0"]
[WhiteElo "2220"]
[BlackElo "2135"]
[PlyCount "55"]
[EventDate "2017.09.24"]
[EventType "team-tourn"]
[EventRounds "11"]
[EventCountry "HUN"]
[SourceTitle "EXT 2021"]
[Source "ChessBase"]
[SourceDate "2020.10.23"]
[SourceVersion "1"]
[SourceVersionDate "2020.10.23"]
[SourceQuality "1"]
[WhiteTeam "Gyula"]
[BlackTeam "Oroshaza"]
[WhiteTeamCountry "HUN"]
[BlackTeamCountry "HUN"]

1. b3 d5 2. Bb2 Nf6 3. e3 g6 4. f4 Bg7 5. Nf3 0-0 6. Be2 c5 7. 0-0 Nc6 8. Ne5 Qc7 9. Bf3 Be6 10. Qe2 Nd7 11. d4 Ndxe5 12. dxe5 Rad8 13. Nc3 f6 14. exf6 Bxf6 15. Rad1 d4 16. Ne4 Qa5 17. Nxf6+ Rxf6 18. Bxc6 bxc6 19. exd4 Bf5 20. d5 cxd5 21. Qxe7 Rf7 22. Qe5 Kf8 23. Rxd5 Rxd5 24. Qxd5 Bxc2 25. b4 Qb6 26. Re1 cxb4+ 27. Bd4 Qb8 28. Qc5+ 1-0

[Event "Budapest-chT1 Lilienthal 1718"]
[Site "Budapest"]
[Date "2017.11.19"]
[Round "4"]
[White "Havasi, Janos"]
[Black "Emodi, Gyula"]
[Result "1-0"]
[WhiteElo "2136"]
[BlackElo "2220"]
[PlyCount "57"]
[EventDate "2017.10.01"]
[EventType "team-tourn"]
[EventRounds "13"]
[EventCountry "HUN"]
[SourceTitle "EXT 2021"]
[Source "ChessBase"]
[SourceDate "2020.10.23"]
[SourceVersion "1"]
[SourceVersionDate "2020.10.23"]
[SourceQuality "1"]
[WhiteTeam "Budapest Vasas II"]
[BlackTeam "Siraly"]
[WhiteTeamCountry "HUN"]
[BlackTeamCountry "HUN"]

1. e4 b6 2. Nc3 Bb7 3. d4 e6 4. a3 d6 5. Nf3 Nd7 6. Be2 a6 7. 0-0 h6 8. h3 g6 9. d5 e5 10. Nh2 Bg7 11. Be3 Ngf6 12. b4 0-0 13. Qd2 Kh7 14. g3 Qe7 15. Bf3 Ng8 16. g4 Bf6 17. Ne2 Bg5 18. c4 Bxe3 19. Qxe3 Qg5 20. Qxg5 hxg5 21. Nc1 a5 22. Nb3 a4 23. Nd2 Ne7 24. Be2 Kh6 25. Nhf3 Rg8 26. Kg2 f5 27. Rh1 Nf6 28. h4 gxh4 29. g5+ 1-0

[Event "Budapest-chT1 Lilienthal 1718"]
[Site "Budapest"]
[Date "2017.10.15"]
[Round "2"]
[White "Emodi, Gyula"]
[Black "Koczo, Kristof"]
[Result "1-0"]
[WhiteElo "2220"]
[BlackElo "2138"]
[PlyCount "91"]
[EventDate "2017.10.01"]
[EventType "team-tourn"]
[EventRounds "13"]
[EventCountry "HUN"]
[SourceTitle "EXT 2021"]
[Source "ChessBase"]
[SourceDate "2020.10.23"]
[SourceVersion "1"]
[SourceVersionDate "2020.10.23"]
[SourceQuality "1"]
[WhiteTeam "Siraly"]
[BlackTeam "Palota Sakk"]
[WhiteTeamCountry "HUN"]
[BlackTeamCountry "HUN"]

1. e4 c6 2. d4 d5 3. exd5 cxd5 4. c4 Nf6 5. Nc3 Nc6 6. Nf3 Bg4 7. Be2 dxc4 8. Be3 Nd5 9. Qa4 Nb6 10. Qb5 a6 11. Qg5 Bxf3 12. Bxf3 Qd6 13. d5 Ne5 14. Be4 h6 15. Qg3 Ned7 16. Bf4 Qf6 17. Rd1 g5 18. Be3 Qd6 19. Bd4 Qxg3 20. hxg3 f6 21. Bg6+ Kd8 22. f4 Rg8 23. f5 Nc8 24. Bf7 Rh8 25. a4 Nd6 26. Be6 b5 27. a5 Nb7 28. Bxd7 Kxd7 29. Bb6 Nd6 30. g4 h5 31. Kf2 Bg7 32. gxh5 Nxf5 33. Ne4 g4 34. Nc5+ Kc8 35. Rhe1 Bh6 36. Re6 Bf4 37. Rc6+ Kb8 38. Nd7+ Kb7 39. Nc5+ Kb8 40. d6 Be3+ 41. Ke2 Bxc5 42. Bxc5 Nxd6 43. Rdxd6 exd6 44. Bxd6+ Kb7 45. Rc7+ Kb8 46. Rh7+ 1-0

[Event "HUN-chT2 Toth 1718"]
[Site "Hungary"]
[Date "2017.10.08"]
[Round "2.1"]
[White "Emodi, Gyula"]
[Black "Samu, Gabor Jr"]
[Result "1/2-1/2"]
[WhiteElo "2220"]
[BlackElo "2257"]
[PlyCount "20"]
[EventDate "2017.09.24"]
[EventType "team-tourn"]
[EventRounds "11"]
[EventCountry "HUN"]
[SourceTitle "EXT 2021"]
[Source "ChessBase"]
[SourceDate "2020.10.23"]
[SourceVersion "1"]
[SourceVersionDate "2020.10.23"]
[SourceQuality "1"]
[WhiteTeam "Gyula"]
[BlackTeam "Bekes"]
[WhiteTeamCountry "HUN"]
[BlackTeamCountry "HUN"]

1. b3 d5 2. Bb2 Nf6 3. e3 Bf5 4. Nf3 e6 5. d3 Nbd7 6. Nbd2 Be7 7. Qe2 0-0 8. h3 h6 9. e4 Bg6 10. g3 a5 1/2-1/2

[Event "HUN-chT2 Toth 1516"]
[Site "Hungary"]
[Date "2015.11.29"]
[Round "5.1"]
[White "Emodi, Gyula"]
[Black "Hajdu, Istvan"]
[Result "1/2-1/2"]
[WhiteElo "2208"]
[BlackElo "2005"]
[PlyCount "109"]
[EventDate "2015.09.13"]
[EventType "team-tourn"]
[EventRounds "11"]
[EventCountry "HUN"]
[SourceTitle "CBM 170 Extra"]
[Source "ChessBase"]
[SourceDate "2016.02.25"]
[SourceVersion "1"]
[SourceVersionDate "2016.02.25"]
[SourceQuality "1"]
[WhiteTeam "Gyula"]
[BlackTeam "Szentes Integral"]
[WhiteTeamCountry "HUN"]
[BlackTeamCountry "HUN"]

1. c3 d5 2. Nf3 Nf6 3. d3 c5 4. Qc2 Nc6 5. e4 e5 6. h3 h6 7. Nbd2 Be6 8. Be2 Rc8 9. 0-0 Bd6 10. exd5 Bxd5 11. Ne4 Nxe4 12. dxe4 Be6 13. Be3 0-0 14. Rad1 Qe7 15. Qa4 Rfd8 16. Nh2 Qc7 17. Bg4 Bxg4 18. Nxg4 b6 19. Bc1 Ne7 20. Qc4 Qc6 21. a4 Bc7 22. Ne3 Rxd1 23. Rxd1 Rd8 24. Rxd8+ Bxd8 25. g3 Bc7 26. Kg2 Qd7 27. a5 Qc6 28. axb6 axb6 29. b4 cxb4 30. Qxb4 Bd6 31. Qc4 b5 32. Qxc6 Nxc6 33. Nf5 Bc5 34. f4 f6 35. Kf3 b4 36. cxb4 Bxb4 37. Bb2 Bc5 38. fxe5 fxe5 39. g4 Kf7 40. h4 Bf8 41. Bc1 Bc5 42. Be3 Bxe3 43. Kxe3 Nd8 44. Kd3 Ne6 45. Kc4 Nf4 46. Kc5 Kf6 47. Kd6 Nd3 48. Ne3 g6 49. Nd5+ Kf7 50. g5 hxg5 51. hxg5 Nf4 52. Kxe5 Nh3 53. Nf4 Nxg5 54. Kd5 Nxe4 55. Kxe4 1/2-1/2

[Event "Budapest-chT1 Lilienthal 1314"]
[Site "Budapest"]
[Date "2014.01.19"]
[Round "6"]
[White "Eperjesi, Laszlo"]
[Black "Emodi, Gyula"]
[Result "0-1"]
[WhiteElo "2161"]
[BlackElo "2214"]
[PlyCount "35"]
[EventDate "2013.09.29"]
[EventType "team-tourn"]
[EventRounds "11"]
[EventCountry "HUN"]
[SourceTitle "EXT 2021"]
[Source "ChessBase"]
[SourceDate "2020.10.23"]
[SourceVersion "1"]
[SourceVersionDate "2020.10.23"]
[SourceQuality "1"]
[WhiteTeam "Budapest Vasas II"]
[BlackTeam "Penzugyor III"]
[WhiteTeamCountry "HUN"]
[BlackTeamCountry "HUN"]

1. Nf3 d6 2. d4 c6 3. c4 Qc7 4. Nc3 e5 5. e4 Nf6 6. Be2 Be7 7. 0-0 h6 8. h3 Nbd7 9. Re1 Nf8 10. Bf1 g5 11. Be3 Ng6 12. g3 g4 13. hxg4 Nxg4 14. Nh2 Nxe3 15. Rxe3 Bg5 16. Re1 h5 17. Be2 h4 18. Bg4 0-1

[Event "Budapest-chT1 Lilienthal 1314"]
[Site "Budapest"]
[Date "2013.11.10"]
[Round "3"]
[White "Koczo, Kristof"]
[Black "Emodi, Gyula"]
[Result "1/2-1/2"]
[WhiteElo "2265"]
[BlackElo "2214"]
[PlyCount "60"]
[EventDate "2013.09.29"]
[EventType "team-tourn"]
[EventRounds "11"]
[EventCountry "HUN"]
[SourceTitle "EXT 2021"]
[Source "ChessBase"]
[SourceDate "2020.10.23"]
[SourceVersion "1"]
[SourceVersionDate "2020.10.23"]
[SourceQuality "1"]
[WhiteTeam "REAC SISE"]
[BlackTeam "Penzugyor III"]
[WhiteTeamCountry "HUN"]
[BlackTeamCountry "HUN"]

1. d4 d6 2. e4 c6 3. c4 e5 4. Be3 Qe7 5. Nc3 f5 6. dxe5 dxe5 7. exf5 Bxf5 8. Nge2 Nf6 9. Ng3 Qe6 10. Nxf5 Qxf5 11. Bd3 Qe6 12. 0-0 Nbd7 13. Qc2 Nc5 14. Rad1 Be7 15. Be2 a5 16. Rfe1 0-0 17. h3 Rad8 18. Na4 Nxa4 19. Qxa4 Bb4 20. Rxd8 Rxd8 21. Rd1 Rxd1+ 22. Qxd1 Qd7 23. c5 Qxd1+ 24. Bxd1 Nd5 25. Bb3 a4 26. Bxa4 Nxe3 27. fxe3 Bxc5 28. Kf2 Kf7 29. Kf3 Kf6 30. Ke4 h6 1/2-1/2

[Event "Budapest-chT1 Lilienthal 1213"]
[Site "Budapest"]
[Date "2013.03.10"]
[Round "9"]
[White "Teglas, Balazs"]
[Black "Emodi, Gyula"]
[Result "1-0"]
[WhiteElo "2221"]
[BlackElo "2265"]
[PlyCount "43"]
[EventDate "2012.09.30"]
[EventType "team-tourn"]
[EventRounds "11"]
[EventCountry "HUN"]
[SourceTitle "EXT 2019"]
[Source "ChessBase"]
[SourceDate "2018.10.10"]
[SourceVersion "1"]
[SourceVersionDate "2018.10.10"]
[SourceQuality "1"]
[WhiteTeam "Fabulon"]
[BlackTeam "Penzugyor III"]
[WhiteTeamCountry "HUN"]
[BlackTeamCountry "HUN"]

1. Nf3 g6 2. e4 Bg7 3. Bc4 e6 4. Nc3 Ne7 5. d4 d5 6. Bd3 dxe4 7. Nxe4 Nbc6 8. Bg5 Nxd4 9. Nxd4 Qxd4 10. c3 Qd8 11. Qf3 f5 12. 0-0-0 Qd5 13. Qe2 Kf7 14. Bb1 Qc6 15. Nd2 Re8 16. Nf3 Kf8 17. Bd3 Qc5 18. Bf4 Nc6 19. Bb5 e5 20. Rhe1 Be6 21. Nxe5 Bxa2 22. Nd7+ 1-0

[Event "HUN-chT2 Charousek 1213"]
[Site "Hungary"]
[Date "2013.03.03"]
[Round "8"]
[White "Emodi, Gyula"]
[Black "Akots, Gabor"]
[Result "1/2-1/2"]
[WhiteElo "2265"]
[BlackElo "2269"]
[PlyCount "38"]
[EventDate "2012.09.16"]
[EventType "team-tourn"]
[EventRounds "11"]
[EventCountry "HUN"]
[SourceTitle "EXT 2014"]
[Source "ChessBase"]
[SourceDate "2013.11.20"]
[SourceVersion "1"]
[SourceVersionDate "2013.11.20"]
[SourceQuality "1"]
[WhiteTeam "Penzugyor II"]
[BlackTeam "Geniusz Tata"]
[WhiteTeamCountry "HUN"]
[BlackTeamCountry "HUN"]

1. b3 Nf6 2. Bb2 g6 3. g3 Bg7 4. Bg2 0-0 5. c4 c5 6. Nf3 Nc6 7. 0-0 d6 8. d4 cxd4 9. Nxd4 Bd7 10. Nc3 Nxd4 11. Qxd4 Bc6 12. Qd2 Nd7 13. e4 a5 14. Rab1 Nc5 15. Rfd1 Rb8 16. h3 Qd7 17. Nd5 Bxb2 18. Rxb2 b5 19. cxb5 Bxd5 1/2-1/2

[Event "HUN-chT2 Charousek 1213"]
[Site "Hungary"]
[Date "2012.11.18"]
[Round "4"]
[White "Emodi, Gyula"]
[Black "Mihalik, Agoston"]
[Result "1/2-1/2"]
[WhiteElo "2265"]
[BlackElo "2178"]
[PlyCount "36"]
[EventDate "2012.09.16"]
[EventType "team-tourn"]
[EventRounds "11"]
[EventCountry "HUN"]
[SourceTitle "EXT 2014"]
[Source "ChessBase"]
[SourceDate "2013.11.20"]
[SourceVersion "1"]
[SourceVersionDate "2013.11.20"]
[SourceQuality "1"]
[WhiteTeam "Penzugyor II"]
[BlackTeam "Haladas II"]
[WhiteTeamCountry "HUN"]
[BlackTeamCountry "HUN"]

1. b3 Nf6 2. Bb2 g6 3. e4 d6 4. g3 Bg7 5. Bg2 0-0 6. Ne2 c5 7. 0-0 Nc6 8. c4 e5 9. Nbc3 Be6 10. h3 Qd7 11. Kh2 Nh5 12. Ng1 Rae8 13. d3 Bh6 14. Nd5 Bxd5 15. cxd5 Nd4 16. Ne2 Nxe2 17. Qxe2 f5 18. exf5 Qxf5 1/2-1/2

[Event "HUN-chT2 Charousek 1213"]
[Site "Hungary"]
[Date "2012.11.04"]
[Round "3"]
[White "Emodi, Gyula"]
[Black "Bognar, Csaba"]
[Result "0-1"]
[WhiteElo "2265"]
[BlackElo "2249"]
[PlyCount "58"]
[EventDate "2012.09.16"]
[EventType "team-tourn"]
[EventRounds "11"]
[EventCountry "HUN"]
[SourceTitle "EXT 2014"]
[Source "ChessBase"]
[SourceDate "2013.11.20"]
[SourceVersion "1"]
[SourceVersionDate "2013.11.20"]
[SourceQuality "1"]
[WhiteTeam "Penzugyor II"]
[BlackTeam "Kobanya Aquarena"]
[WhiteTeamCountry "HUN"]
[BlackTeamCountry "HUN"]

1. e4 d6 2. d4 Nf6 3. Nc3 g6 4. Be3 c6 5. f3 Nbd7 6. Qd2 e5 7. 0-0-0 Qc7 8. g4 Nb6 9. h4 h5 10. g5 Nfd7 11. f4 exf4 12. Bxf4 Be7 13. Nh3 Nf8 14. Nf2 Bd7 15. e5 Ne6 16. exd6 Bxd6 17. Bxd6 Qxd6 18. Nfe4 Qc7 19. Nf6+ Kf8 20. Bh3 Rd8 21. Nxd7+ Qxd7 22. Qe3 Qd6 23. Rhf1 Nxd4 24. Rf4 Ne2+ 25. Qxe2 Qxf4+ 26. Kb1 Rxd1+ 27. Qxd1 Kg7 28. Qe1 Nc4 29. b3 Qe5 0-1